1917 1797 1991 1520 1126 1137 1657 1133 1524 1195 1051 1997 1626 1728 1384 1815 1311 1614 1177 1109 1171 1629 1698 1636 1433 1133 1179 1252 1090 1216 1305 1777 1642 1917 1525 1122 1273 1525 1514 1194 1992 1431 1458 1976 1663 1024 1223 1584 1191 1684 1527 1412 1558 1772 1097 1019 1294 1259 1133 1301 1427 1765 1125 1515 1849 1032 1005 1176 1380 1636 1915 1566 1105 1961 1060 1035 1587 1137 1148 1029 1853 1373 1506 1421 1498 1364 1712 1621 1756 1055 1844 1303 1891 1143 1094 1035 1233 1805 1958 BCNSPRNW ULIB Ver.6.0+V

เปลี่ยนเป็นภาษาไทย

Change to English
 แสดงรายละเอียดบรรณานุกรม
  กลับหน้าหลัก

Brief Record : Get Marc (ISO 2709) : E-mail record : QR code < ปิดหน้าต่าง
LEADER : 00000nam 2200000uu 4500
001    13399112001
003     ULIB
008    110719s2552||||th 000 0 tha d
020    6117190063
090    นว.^bอ437จ 2552
100 0   อยุทธ์
245 00  จอมใจแห่งผืนทราย/^cอยุทธ์
250     พิมพ์ครั้งที่ 1
260     กรุงเทพฯ :^bอินเลิฟ,^c2552
300     235 หน้า
945    ^p179^l0^i026034
995     เกษร
999     ^aใช้งานได้ทุกระบบ
รายการนี้ยังไม่มีแท็ก
คุณยังไม่ได้ล็อกอิน คุณสามารถมีกิจกรรมร่วมกับเว็บไซต์ได้ แต่ต้องล็อกอินก่อน ::
  ล็อกอิน

รายการสื่อสารสนเทศ

ลำดับที่ ประเภท เลขเรียก/บาร์โค้ด สถานที่ สถานะ
1. นวนิยาย
นวนิยาย
นว. อ437จ 2552  
  Barcode: 026034
ห้องสมุดวิทยาเขตสวรรค์ประชารักษ์
►นวนิยาย
บนชั้น
  ขอยืม

รายการใกล้เคียง
    ผู้แต่ง [อยุทธ์]

BibComment


ยังไม่เคยถูกคอมเมนท์

คอมเมนท์ทรัพยากรรายการนี้
  คอมเมนท์: จอมใจแห่งผืนทราย..


 Copyright 2026. Bcnsprnw @Library